00425nam a22001337a 450000500170000000800410001704100120005808200120007010000120008224500950009426000450018930000310023465000260026520240717075924.0240717b |||||||| |||| 00| 0 eng d aEnglish a349 SOU lEnglish aSouth African Law Reports : bwith which are amalgamated The All South Africa Law Reports  aCape Town: bJuta and Company Ltd,c1956 bxiii, 825 pages; c26 cm.  aLegal practice bLaw